[Event "European Ind w Rapid 2012"]
[Site "Gaziantep TUR"]
[Date "2012.03.16"]
[Round "7"]
[White "Kovanova,B"]
[Black "Paikidze,N"]
[Result "1/2-1/2"]
[WhiteElo "2392"]
[BlackElo "2406"]

1.e4 c5 2.Nf3 d6 3.d4 cxd4 4.Nxd4 Nf6 5.Nc3 Nc6 6.Bg5 e6 7.Qd2 a6 8.O-O-O Bd7
9.f3 b5 10.Kb1 Be7 11.h4 h6 12.Be3 Ne5 13.Bd3 b4 14.Nce2 d5 15.exd5 Nxd5
16.Nf4 Nxe3 17.Qxe3 Qc7 18.Rhe1 Bd6 19.Nfxe6 fxe6 20.f4 Nf7 21.Nxe6 Bxe6
22.Qxe6+ Kf8 23.Bg6 Rd8 24.Bxf7 Qxf7 25.Rxd6 Qxe6 26.Rdxe6 Kf7 27.b3 Rd7
28.Rxa6 Rc8 29.Re2 Rd4 30.g3 Rd1+ 31.Kb2 Rg1 32.Rb6 Rxg3 33.Rxb4 Rg4 34.a4 Rxh4
35.a5 Ra8 36.Ra4 g5 37.fxg5 Rxa4 38.bxa4 hxg5 39.Kb3 Rxa5 40.Kb4 Ra8 41.c4 Rb8+
42.Kc3 Ra8 43.Ra2 Ke6 44.a5 g4 45.a6 g3 46.Kb4 Kd6 47.Kb5 Rb8+ 48.Ka5 Rg8
49.Rg2 Kc7 50.Kb5 Rb8+ 51.Kc5 Ra8 52.Kb5 Rb8+ 53.Kc5 Ra8 54.Rxg3 Rxa6 55.Rg7+ Kc8
56.Kb5 Rf6 57.c5 Rh6 58.c6 Rh1  1/2-1/2

[Event "ch-Moscow Final 2012"]
[Site "Moscow RUS"]
[Date "2012.03.16"]
[Round "7"]
[White "Kozhevnikov,Ivan"]
[Black "Tilicheev,V"]
[Result "0-1"]
[WhiteElo "2031"]
[BlackElo "2366"]

1.e4 c5 2.Nf3 d6 3.d4 cxd4 4.Nxd4 Nf6 5.Nc3 Nc6 6.Bg5 e6 7.Qd2 a6 8.O-O-O Qb6
9.Nb3 Bd7 10.f3 Be7 11.g4 h5 12.Be3 Qc7 13.g5 Nh7 14.h4 b5 15.f4 Nf8 16.Bd3 Nb4
17.Kb1 Nxd3 18.cxd3 a5 19.Rc1 Qb7 20.Nd4 g6 21.Rhf1 b4 22.Nce2 e5 23.fxe5 dxe5
24.Nf3 Bd6 25.Bc5 Bb8 26.Bxf8 Kxf8 27.Rc5 Bh3 28.Rfc1 Bd6 29.Rd5 Qe7 30.d4 Be6
31.dxe5 Bb8 32.Rd8+ Kg7 33.Rxh8 Kxh8 34.Qf4 Kg8 35.Ned4 Ra6 36.Nc6 Rxc6 37.Rxc6 Qd7
38.Rc1 Qd3+ 39.Ka1 a4 40.Qd2 Qxf3 41.Qd8+ Kh7 42.Qxb8 Qxe4 43.Qb5 a3 44.Qc5 axb2+
45.Kxb2 Qxh4 46.Qe3 Qh2+ 47.Rc2 Qh1 48.Re2 Qd5 49.Kc1 Qc4+ 50.Rc2 Qf1+ 51.Kb2 Qa6
52.a3 bxa3+ 53.Qxa3 Qb5+ 54.Kc1 Qxe5 55.Qc5 Qe1+ 56.Kb2 h4 57.Rc1 Qd2+ 58.Rc2 Qd1
59.Qb4 h3 60.Qd2 Qg4 61.Kc3 Qc4+ 62.Kb2 Qb3+ 63.Kc1 Bf5 64.Rb2 Qa3 65.Qb4 Qe3+
66.Kd1 Qg1+ 67.Kd2 Qxg5+ 68.Kc3 Qe3+ 69.Kc4 Qe4+ 70.Kc5 Qxb4+ 71.Kxb4 Be4
72.Rf2 f5 73.Kc3 Bg2 74.Rf4 g5 75.Rxf5 h2  0-1

[Event "ch-Moscow Final 2012"]
[Site "Moscow RUS"]
[Date "2012.03.16"]
[Round "7"]
[White "Eliseev,U"]
[Black "Dubov,Danii"]
[Result "1/2-1/2"]
[WhiteElo "2473"]
[BlackElo "2536"]

1.e4 c5 2.Nf3 d6 3.d4 cxd4 4.Nxd4 Nf6 5.Nc3 Nc6 6.Bg5 Bd7 7.Qd2 Rc8 8.f4 Nxd4
9.Qxd4 Qa5 10.e5 dxe5 11.fxe5 e6 12.O-O-O Bc6 13.Nb5 Bxb5 14.exf6 Bc6 15.h4 g6
16.Bc4 Bc5 17.Qg4 h5 18.Qe2 O-O 19.Rhf1 Qb4 20.Bd2 Qa4 21.Kb1 Bxg2 22.Rf4 Bd6
23.Rd4 Bc5 24.Rf4 Bd6 25.Rd4 Bc5  1/2-1/2

[Event "TCh-CAT 2012"]
[Site "Catalunya ESP"]
[Date "2012.03.17"]
[Round "8.1"]
[White "Alsina Leal,D"]
[Black "Torrecillas Martinez,A"]
[Result "1-0"]
[WhiteElo "2535"]
[BlackElo "2424"]

1.e4 c5 2.Nf3 d6 3.d4 cxd4 4.Nxd4 Nf6 5.Nc3 Nc6 6.Bg5 e6 7.Qd2 Be7 8.O-O-O Nxd4
9.Qxd4 O-O 10.f4 h6 11.Bh4 Qa5 12.Bc4 e5 13.fxe5 dxe5 14.Qd3 Bg4 15.Rdf1 Rac8
16.Bxf6 Bxf6 17.Kb1 Bh4 18.g3 Be7 19.Nd5 Qc5 20.Bb3 Bh3 21.Rd1 Bg4 22.Rdg1 Rcd8
23.h3 Be6 24.Qe2 Rd7 25.Rf1 Rfd8 26.h4 b5 27.g4 a5 28.a3 Rxd5 29.exd5 Rxd5
30.Rd1 Rxd1+ 31.Qxd1 Bxb3 32.cxb3 Qe3 33.h5 Bc5 34.Qc2 e4 35.Rd1 Bf8 36.Rd8 Qg5
37.Qc8 Qe7 38.Re8 Qd6 39.Rxe4 Qd1+ 40.Ka2 a4 41.Rb4 Qd5 42.Qb8 axb3+ 43.Rxb3 b4
44.a4 Qe6 45.Qb5 Qxg4 46.a5 Qg1 47.a6 Qf2 48.Rd3 Bc5 49.Rd8+ Kh7 50.Qd3+ g6
51.hxg6+ Kg7 52.Rd7 b3+ 53.Kxb3  1-0

[Event "ch-Moscow Final 2012"]
[Site "Moscow RUS"]
[Date "2012.03.17"]
[Round "8"]
[White "Arslanov,S"]
[Black "Krivoborodov,E"]
[Result "1-0"]
[WhiteElo "2416"]
[BlackElo "2514"]

1.e4 c5 2.Nf3 d6 3.d4 cxd4 4.Nxd4 Nf6 5.Nc3 Nc6 6.Bg5 e6 7.Qd2 Be7 8.O-O-O O-O
9.f3 a6 10.Bxf6 Bxf6 11.Nxc6 bxc6 12.Qxd6 Qa5 13.Bc4 Bxc3 14.bxc3 Qxc3 15.Qd4 Qa3+
16.Qb2 Qe3+ 17.Rd2 c5 18.Qb3 Qh6 19.Kd1 Qg5 20.g3 f5 21.f4 Qh5+ 22.Kc1 fxe4
23.Bxe6+ Bxe6 24.Qxe6+ Kh8 25.Qxe4 Qf7 26.Qd5 Qf6 27.Qe5 Qf7 28.Qd5 Qc7 29.Qe5 Qb7
30.Rhd1 Rab8 31.Rd7 Qb1+ 32.Kd2 Qb4+ 33.Qc3 Rfd8 34.Qxb4 Rxd7+ 35.Ke3 Re8+
36.Kf3 Rxd1 37.Qxc5 Rd2 38.h4 h6 39.g4 Rdd8 40.g5 Rc8 41.Qb6 hxg5 42.hxg5 Rf8
43.Qd6 a5 44.c4 Rf7 45.Qe6 Rcf8 46.Qd6 g6 47.c5 Kh7 48.c6 a4 49.Ke4 Re8+
50.Kd3 Re1 51.Kd2 Re8 52.Kc3 Re3+ 53.Kd4 Re1 54.c7 Rc1 55.f5 Rd1+ 56.Ke5 Rxd6
57.c8=Q Rd2 58.f6 Rxa2 59.Qc4  1-0

[Event "ch-St Petersburg w 2012"]
[Site "St Petersburg RUS"]
[Date "2012.03.19"]
[Round "3"]
[White "Chuprova,Irina"]
[Black "Korchagina,V"]
[Result "0-1"]
[WhiteElo "1890"]
[BlackElo "2103"]

1.e4 c5 2.Nf3 d6 3.d4 cxd4 4.Nxd4 Nf6 5.Nc3 Nc6 6.Bg5 e6 7.Qd2 Be7 8.f3 O-O
9.Be3 e5 10.Nb3 a5 11.Na4 d5 12.Nb6 d4 13.Nxa8 Be6 14.Bf2 a4 15.Bb5 Qxa8
16.Bxc6 axb3 17.Bb5 bxa2 18.O-O Nh5 19.Kh1 Nf4 20.g4 Qd8 21.b3 Qb6 22.Bd3 Ra8
23.Be1 Bd7 24.Bc4 Qc6 25.Bg3 Bg5 26.Bxf4 Bxf4 27.Qd3 Qh6 28.Qe2 b5 29.Bd5 Bc6
30.Bxc6 Qxc6 31.c3 dxc3 32.Qc2 Bd2 33.Rfd1 Qa6 34.Rxd2 cxd2 35.Qxd2 h6 36.Qd5 b4
37.Qd2 Qb5 38.Kg2 Ra3 39.Rxa2 Rxb3 40.Qd5 Qxd5 41.exd5 Ra3 42.Rb2 b3 43.Kg3 g5
44.Rb1 Kf8 45.d6 Ke8 46.Re1 Ra5  0-1

[Event "13th EICC"]
[Site "Plovdiv BUL"]
[Date "2012.03.20"]
[Round "1.49"]
[White "Klein,Da"]
[Black "Saric,Iv"]
[Result "1-0"]
[WhiteElo "2418"]
[BlackElo "2649"]

1.e4 c5 2.Nf3 Nc6 3.d4 cxd4 4.Nxd4 Nf6 5.Nc3 d6 6.Bg5 a6 7.Qd2 Bd7 8.O-O-O Rc8
9.Nxc6 Bxc6 10.f3 h6 11.Be3 b5 12.Kb1 Bb7 13.Bd3 Qc7 14.Rhe1 e6 15.h4 Be7
16.g4 Nd7 17.g5 hxg5 18.Bxg5 Ne5 19.Qg2 b4 20.Ne2 Bxg5 21.hxg5 Qc5 22.Qg3 b3
23.Nc3 bxa2+ 24.Ka1 g6 25.f4 Nd7 26.e5 d5 27.f5 gxf5 28.g6 Qe7 29.g7 Rg8
30.Rh1 Kd8 31.Rh8 Kc7 32.Rxg8 Rxg8 33.Bxf5 exf5 34.e6+ Kc8 35.exd7+ Qxd7
36.Rh1 Qe8 37.Re1 Qd8 38.Qe5 f6 39.Qxf5+ Qd7 40.Qxf6 Rxg7 41.Na4 Kb8 42.Nc5 Qf7
43.Qb6 Qf8 44.Nxa6+ Kc8 45.Nc5 Kb8 46.Qb5 Re7 47.Rxe7 Qxe7 48.Qxb7+ Qxb7
49.Nxb7 Kxb7 50.Kxa2 Kb6 51.b3  1-0

[Event "Caissa IM March 2012"]
[Site "Kecskemet HUN"]
[Date "2012.03.21"]
[Round "6.2"]
[White "Padhya,S"]
[Black "Lorparizangeneh,S"]
[Result "1/2-1/2"]
[WhiteElo "2187"]
[BlackElo "2170"]

1.e4 c5 2.Nf3 d6 3.d4 cxd4 4.Nxd4 Nf6 5.Nc3 Nc6 6.Bg5 e6 7.Qd2 Be7 8.O-O-O O-O
9.f3 a6 10.g4 Bd7 11.h4 b5 12.Nxc6 Bxc6 13.Ne2 Rc8 14.Nd4 Nd7 15.Bxe7 Qxe7
16.g5 Ne5 17.Qe3 Bb7 18.h5 Nc4 19.Bxc4 Rxc4 20.Kb1 f6 21.Rhg1 Rc5 22.gxf6  1/2-1/2

[Event "13th EICC"]
[Site "Plovdiv BUL"]
[Date "2012.03.23"]
[Round "4.147"]
[White "Xylogiannopoulos,A"]
[Black "Nenezic,M"]
[Result "1-0"]
[WhiteElo "2104"]
[BlackElo "2370"]

1.e4 c5 2.Nf3 d6 3.d4 cxd4 4.Nxd4 Nf6 5.Nc3 Nc6 6.Bg5 Bd7 7.Qd2 Rc8 8.f4 Nxd4
9.Qxd4 Qa5 10.e5 dxe5 11.fxe5 Bc6 12.b4 Qd8 13.Qxd8+ Rxd8 14.exf6 exf6 15.Bd2 Bxb4
16.Bd3 Bc5 17.Ne4 Bd4 18.O-O-O O-O 19.Rhe1 Be5 20.g3 Rfe8 21.Bf4 Bd4 22.Nd2 g5
23.Bc7 Rc8 24.Rxe8+ Rxe8 25.Bd6 Bd7 26.Ne4 Bg4 27.Re1 Kg7 28.Bb4 Be5 29.a3 Bd7
30.Kb1 Be6 31.Nc5 Bc8 32.Bc3 h6 33.Bxe5 fxe5 34.Rf1 b6 35.Ne4 Rd8 36.Nf6 Rd4
37.Nh5+ Kf8 38.Re1 Rd5 39.Nf6 Rc5 40.Rf1 Ke7 41.Ng8+ Ke8 42.Nxh6 Be6 43.Nf5 Bd5
44.Nd6+ Ke7 45.Ne4 Bxe4 46.Bxe4 Rc3 47.Rf3 Rc5 48.h4 gxh4 49.gxh4 Rc4 50.Bd5 Rxh4
51.Rxf7+ Kd6 52.Bg2 Rh2 53.Rg7 Kc5 54.Rg4 Rh7 55.Kb2 b5 56.Be4 Rd7 57.Bd3 a5
58.Kc3 Rd4 59.Rxd4 exd4+ 60.Kd2 a4 61.Bg6 b4 62.axb4+ Kxb4 63.Bf7 Ka3 64.Be8  1-0

[Event "13th EICC"]
[Site "Plovdiv BUL"]
[Date "2012.03.23"]
[Round "4.17"]
[White "Brkic,A"]
[Black "Korobov,A"]
[Result "0-1"]
[WhiteElo "2587"]
[BlackElo "2679"]

1.e4 c5 2.Nf3 d6 3.d4 cxd4 4.Nxd4 Nf6 5.Nc3 Nc6 6.Bg5 e6 7.Qd2 a6 8.O-O-O Bd7
9.f4 b5 10.Bxf6 gxf6 11.Kb1 Qb6 12.Nce2 h5 13.h4 Rd8 14.Rh3 Bh6 15.Nxc6 Bxc6
16.Re3 b4 17.g3 e5 18.Bg2 a5 19.Bf3 Bf8 20.c3 Be7 21.Rc1 Rb8 22.Ka1 Bd7 23.Rd3 Be6
24.Re3 Qb5 25.cxb4 axb4 26.b3 Qb6 27.f5 Bd7 28.Rc4 d5 29.exd5 Bc5 30.Rd3 Bb5
31.Qc2 Bxc4 32.Qxc4 Ke7 33.Qe4 Rhc8 34.Kb1 Kf8 35.Bxh5 Rc7 36.g4 Rbc8 37.g5 Bd4
38.Rd1 Rc2 39.Nxd4 exd4 40.Qxc2 Rxc2 41.Kxc2 Qc5+ 42.Kb1 Qxd5 43.Be2 fxg5
44.hxg5 Qxf5+ 45.Bd3 Qxg5 46.a4 bxa3 47.Ka2 Qc5 48.Bc4 f5 49.Rf1 Ke7 50.Rf3 Kd6
51.Rf2 Ke5 52.Rc2 f4 53.Bd3 Qb4  0-1

[Event "ch-Urals Men 2012"]
[Site "Satka RUS"]
[Date "2012.03.24"]
[Round "1"]
[White "Mikhailov,V3"]
[Black "Yuffa,D"]
[Result "0-1"]
[WhiteElo "1972"]
[BlackElo "2334"]

1.e4 c5 2.Nf3 Nc6 3.d4 cxd4 4.Nxd4 Nf6 5.Nc3 d6 6.Bg5 Bd7 7.Be2 Qa5 8.Bxf6 gxf6
9.O-O Nxd4 10.Qxd4 Rc8 11.Qd3 f5 12.Bf3 Bg7 13.exf5 Bxf5 14.Ne4 O-O 15.c3 Bg6
16.Rfd1 b5 17.Qd5 Qb6 18.h4 h6 19.a3 Rfd8 20.Ng3 e6 21.Qd2 Rc4 22.h5 Bh7
23.Qe3 Qxe3 24.fxe3 a5 25.Ne2 b4 26.axb4 axb4 27.Rac1 bxc3 28.bxc3 d5 29.Kf2 Rdc8
30.Rd2 Bxc3 31.Nxc3 Rxc3 32.Rxc3 Rxc3 33.Ra2 Rc2+ 34.Rxc2 Bxc2 35.Kg3 Kg7  0-1

[Event "TCh-HUN 2011-12"]
[Site "Kecskemet HUN"]
[Date "2012.03.25"]
[Round "8"]
[White "Veszpremi,A"]
[Black "Soos,A"]
[Result "1-0"]
[WhiteElo "2256"]
[BlackElo "2394"]

1.e4 c5 2.Nf3 d6 3.d4 cxd4 4.Nxd4 Nf6 5.Nc3 Nc6 6.Bg5 e6 7.f4 Be7 8.Qd3 O-O
9.O-O-O e5 10.Ndb5 Qa5 11.Kb1 Rd8 12.Bxf6 Bxf6 13.Nd5 Be7 14.a3 Bg4 15.Rd2 a6
16.Nbc7 Rac8 17.b4 Qa4 18.Nb6 Nxb4 19.Nxa4 Nxd3 20.Nd5 Bf8 21.Bxd3 exf4 22.Rf1 Be6
23.Nxf4 b5 24.Nb6 Rc3 25.Kb2 Rc5 26.Nbd5 g5 27.Nh5 a5 28.Rdf2 b4 29.a4 Kh8
30.h4 gxh4 31.Rh1 h3 32.gxh3 f5 33.Rhf1 Bh6 34.Ndf4 Bf7 35.exf5 b3 36.c4 Bxc4
37.Bxc4 Rxc4 38.f6 Rxa4 39.Ne6 Rb8 40.Kb1 b2 41.Rxb2 Rc8 42.f7 Rh4 43.Nf6 Rxh3
44.Rg1  1-0

[Event "13th EICC"]
[Site "Plovdiv BUL"]
[Date "2012.03.27"]
[Round "7.115"]
[White "Abdulov,Or"]
[Black "Perunovic,Mio"]
[Result "1/2-1/2"]
[WhiteElo "2387"]
[BlackElo "2481"]

1.e4 c5 2.Nf3 d6 3.d4 cxd4 4.Nxd4 Nf6 5.Nc3 Nc6 6.Bg5 g6 7.Bxf6 exf6 8.Be2 Bg7
9.Ndb5 O-O 10.O-O f5 11.Nxd6 fxe4 12.Ncxe4 Bxb2 13.Rb1 Be5 14.Bc4 Nd4 15.f4 Bxd6
16.Qxd4 Be7 17.Qxd8 Rxd8 18.Ng5 Rf8 19.Rfe1 Bd6 20.f5 gxf5 21.Rbd1 Bb4 22.Re2 a6
23.a4 Kg7 24.Rd3 f4 25.Nh3 Bc5+ 26.Kf1 Be3 27.Bd5 Bf5 28.Rb3 Rad8 29.c4 Bg6
30.g3 b5 31.gxf4 bxc4 32.Bxc4 Rd1+ 33.Kg2 Bd4 34.Rb7 Bh5 35.Ra2 Kh6 36.Ng5 Rg1+
37.Kh3 Bg4+ 38.Kh4 Bc8 39.Nxf7+ Kg7 40.Rc7 Rg4+ 41.Kh5 Bb6 42.Rxc8 Rxc8 43.Kxg4 Rxc4
44.Ng5 Rb4 45.Kf5 Be3 46.Nh3 Rd4 47.Ra3  1/2-1/2

[Event "13th EICC"]
[Site "Plovdiv BUL"]
[Date "2012.03.27"]
[Round "7.124"]
[White "Pavlidis,Ant"]
[Black "Nikolova,A"]
[Result "1/2-1/2"]
[WhiteElo "2431"]
[BlackElo "2293"]

1.e4 c5 2.Nf3 d6 3.d4 cxd4 4.Nxd4 Nf6 5.Nc3 Nc6 6.Bg5 e6 7.Qd2 a6 8.O-O-O Bd7
9.f4 b5 10.Bxf6 gxf6 11.Kb1 Qb6 12.Nxc6 Bxc6 13.f5 h5 14.Qe1 O-O-O 15.Bd3 Kb8
16.Rf1 b4 17.Ne2 e5 18.Nc1 d5 19.exd5 Rxd5 20.Qe2 a5 21.Bc4 Rxd1 22.Rxd1 h4
23.Bxf7 Be7 24.Bd5 Rc8 25.Be4 Qb7 26.Bxc6 Qxc6 27.Nd3 Bf8 28.Nf2 Bc5 29.Ne4 Bd4
30.Rd2 a4 31.Qd3 Qb6 32.Re2 Ka7 33.Kc1 a3 34.bxa3 Qa5 35.Nd6 Rb8 36.a4 Qxa4
37.Qc4 Qa5 38.Nc8+ Kb7 39.Nd6+ Ka7 40.Qc6 Qa3+ 41.Kd1 Qxa2 42.Qc7+ Ka8 43.Qc6+ Ka7
44.Qc7+ Ka8 45.Qc6+  1/2-1/2

[Event "13th EICC"]
[Site "Plovdiv BUL"]
[Date "2012.03.28"]
[Round "8.71"]
[White "Savchenko,B"]
[Black "Alekseenko,K"]
[Result "0-1"]
[WhiteElo "2580"]
[BlackElo "2367"]

1.e4 c5 2.Nf3 Nc6 3.d4 cxd4 4.Nxd4 Nf6 5.Nc3 d6 6.Bg5 e6 7.Qd2 a6 8.O-O-O Bd7
9.f3 Be7 10.g4 b5 11.Be3 Nxd4 12.Qxd4 e5 13.Qd2 b4 14.Nd5 Nxd5 15.exd5 a5
16.Bd3 O-O 17.Kb1 f5 18.h3 Rb8 19.f4 e4 20.Be2 Qc8 21.Rhg1 Bf6 22.Rg3 a4
23.Bd4 fxg4 24.Bxf6 Rxf6 25.hxg4 Rh6 26.f5 Rh2 27.Re3 h5 28.Rxe4 hxg4 29.f6 Bf5
30.f7+ Kxf7 31.Qf4 b3 32.cxb3 Rxe2  0-1

[Event "13th EICC"]
[Site "Plovdiv BUL"]
[Date "2012.03.28"]
[Round "8.137"]
[White "Gaehwiler,G"]
[Black "Zueger,B"]
[Result "0-1"]
[WhiteElo "2260"]
[BlackElo "2425"]

1.e4 c5 2.Nf3 Nc6 3.d4 cxd4 4.Nxd4 Nf6 5.Nc3 d6 6.Bg5 e6 7.Qd2 a6 8.O-O-O Bd7
9.f4 Be7 10.Nf3 b5 11.Bxf6 gxf6 12.f5 Qb6 13.fxe6 fxe6 14.g3 O-O-O 15.Bh3 Kb8
16.Ne2 Ne5 17.Nfd4 Nc4 18.Qd3 f5 19.exf5 e5 20.f6 Bxf6 21.Bxd7 Rxd7 22.Qf5 Rf7
23.Qh5 Rg7 24.Ne6 Rg6 25.Nc3 d5 26.Nxd5 Qxe6  0-1

[Event "13th EICC"]
[Site "Plovdiv BUL"]
[Date "2012.03.28"]
[Round "8.127"]
[White "Videnova,I"]
[Black "Pavlidis,Ant"]
[Result "0-1"]
[WhiteElo "2301"]
[BlackElo "2431"]

1.e4 c5 2.Nf3 Nc6 3.d4 cxd4 4.Nxd4 Nf6 5.Nc3 d6 6.Bg5 e6 7.Qd2 a6 8.O-O-O Be7
9.f3 Nxd4 10.Qxd4 b5 11.Qd2 Bb7 12.h4 Qc7 13.Kb1 Rc8 14.Bd3 O-O 15.g4 Rfd8
16.Qh2 Qc5 17.Bd2 b4 18.Ne2 d5 19.e5 Ne4 20.Be1 Qb6 21.Nc1 Nc5 22.Be2 a5
23.Qf4 Qc7 24.Nd3 Ba6 25.Rc1 Nd7 26.Bg3 a4 27.c3 b3 28.a3 Nb6 29.Rhe1 Nc4
30.Nb4 Bxb4 31.cxb4 d4 32.Bxc4 Bxc4 33.Red1 Qb7 34.Rd2 Qb5 35.Re1 Bd3+ 36.Ka1 Qc4
37.Rdd1 Bc2 38.Rc1 Qd5 39.h5 d3 40.Qd2 Qxf3 41.h6 Rd4 42.Re3 Qxe3  0-1

[Event "13th EICC"]
[Site "Plovdiv BUL"]
[Date "2012.03.28"]
[Round "8.14"]
[White "Naiditsch,A"]
[Black "Najer,E"]
[Result "1/2-1/2"]
[WhiteElo "2702"]
[BlackElo "2640"]

1.e4 c5 2.Nf3 d6 3.d4 cxd4 4.Nxd4 Nf6 5.Nc3 Nc6 6.Bg5 g6 7.Bxf6 exf6 8.Bb5 Bd7
9.Qd2 Bg7 10.O-O-O O-O 11.Nb3 a6 12.Be2 f5 13.Qxd6 Qg5+ 14.Kb1 Rad8 15.h4 Qe7
16.Qxe7 Nxe7 17.Nd5 Nc6 18.Bf3 Rfe8 19.exf5 Bxf5 20.Ne3 Bc8 21.Bxc6 bxc6
22.Na5 c5 23.c3 Bh6 24.Nac4 Be6 25.g3 f6 26.f4 Bf8 27.Rxd8 Rxd8 28.Kc2 Kf7
29.h5 gxh5 30.Rxh5 Kg6 31.Rh2 h5 32.Nd2 Bf7 33.Nf3 Rd7 34.c4 Rd8 35.Nh4+ Kg7
36.Rd2 Rxd2+ 37.Kxd2 Be6 38.Kd3 Kf7 39.Nhf5 Bd7 40.b3 Ke6 41.Ke4 Be8 42.Nh4 Bd6
43.Nd5 Bc6 44.Nf5 Bf8 45.Ne3 Bd6 46.Kd3 f5 47.Ng2 Bxd5 48.cxd5+ Kxd5 49.Nh4 Ke6
50.Kc4 Be7 51.Ng6 Bf6 52.Nf8+ Kd6 53.Ng6 Ke6 54.a4 Bd4 55.b4 Bf2 56.b5 axb5+
57.Kxb5 c4 58.Kxc4 Bxg3 59.a5 Kd6 60.a6 Kc6 61.Ne7+ Kb6 62.Nxf5 Bxf4  1/2-1/2

[Event "13th EICC"]
[Site "Plovdiv BUL"]
[Date "2012.03.29"]
[Round "9.133"]
[White "Poetsch,H"]
[Black "Nikolova,A"]
[Result "1-0"]
[WhiteElo "2432"]
[BlackElo "2293"]

1.e4 c5 2.Nf3 Nc6 3.d4 cxd4 4.Nxd4 Nf6 5.Nc3 d6 6.Bg5 e6 7.Qd2 a6 8.O-O-O Bd7
9.f4 b5 10.Bxf6 gxf6 11.Kb1 Qb6 12.Nxc6 Bxc6 13.f5 h5 14.Qe1 Ra7 15.Bd3 h4
16.Rf1 b4 17.Ne2 e5 18.Nc1 a5 19.Bc4 Rc7 20.Bd5 Ba4 21.Nb3 Bb5 22.Rf3 Rg8
23.g3 Bh6 24.c3 a4 25.Na1 bxc3 26.Rxc3 Ke7 27.Rxc7+ Qxc7 28.Nc2 hxg3 29.hxg3 Rc8
30.Nb4 Qc5 31.a3 Kf8 32.Qh1 Qe3 33.Qh5 Rc7 34.Rh1 Kg7 35.Bxf7 Rc1+ 36.Ka2 Qg5
37.Qxg5+ Bxg5 38.Rxc1 Bxc1 39.Bd5 Kh6 40.Bc6 Bc4+ 41.Kb1 Be3 42.Bxa4 Kg5
43.Bd1 Bf2 44.g4 Kf4 45.b3 Bf1 46.Bc2 Kxg4 47.Nd5 Kg5 48.a4 Ba6 49.b4 Bc4
50.Nc7 Kf4 51.Kb2 Bd4+ 52.Ka3 Ke3 53.Ne8 d5 54.Nxf6 dxe4 55.Nxe4 Kf4 56.f6 Be6
57.a5 Kf5 58.Bb3  1-0

[Event "ch-Urals Men 2012"]
[Site "Satka RUS"]
[Date "2012.03.29"]
[Round "6"]
[White "Postnikov,D"]
[Black "Gutenev,A"]
[Result "0-1"]
[WhiteElo "2141"]
[BlackElo "2343"]

1.e4 c5 2.Nf3 Nc6 3.d4 cxd4 4.Nxd4 Nf6 5.Nc3 d6 6.Bg5 e6 7.Qd2 a6 8.O-O-O Bd7
9.f3 Be7 10.h4 h6 11.Be3 h5 12.Kb1 Qc7 13.Qf2 Ne5 14.Bd3 b5 15.Qg3 g6 16.Bg5 b4
17.Nce2 Nxd3 18.Rxd3 e5 19.Nb3 a5 20.Nd2 Be6 21.Rc1 O-O 22.c4 bxc3 23.Rdxc3 Qb6
24.Nc4 Qa6 25.R1c2 Rfc8 26.Ne3 Rxc3 27.Nxc3 Rc8 28.Qe1 Kf8 29.Qd2 Rc6 30.b3 Kg7
31.Kb2 Rc8 32.g3 Rb8 33.Bxf6+ Bxf6 34.Ncd5 Bd8 35.a3 Bb6 36.Ka2 Bd4 37.Nc4 a4
38.b4 Qb5 39.Qd3 Bxd5 40.exd5 Qxd5 41.Kb1 f5 42.Nb2 e4 43.fxe4 fxe4 44.Rc7+ Kg8
45.Qc4 Qxc4 46.Rxc4 Bxb2 47.Kxb2 d5 48.Rd4 Rb5 49.Kc3 Kf7 50.Rd1 Ke6 51.Kd4 Kf5
52.Re1 Kg4 53.Re3 Kh3 54.Rc3 Kg2 55.Ke5 Kf2 56.Kf4 Ke2 57.Rc5 Rxc5 58.bxc5 Kd2
59.c6 e3 60.c7 e2 61.c8=Q e1=Q 62.Kg5 Qxg3+ 63.Kh6 Qxh4 64.Qb7 Qd4 65.Kxg6 h4  0-1

[Event "European Senior Teams 2012"]
[Site "Rogaska Slatina SLO"]
[Date "2012.03.30"]
[Round "4.14"]
[White "Van Geffen,B"]
[Black "Danner,G"]
[Result "0-1"]
[WhiteElo "2113"]
[BlackElo "2402"]

1.e4 c5 2.Nf3 Nc6 3.d4 cxd4 4.Nxd4 Nf6 5.Nc3 d6 6.Bg5 e6 7.Qd2 Qb6 8.Nb3 Be7
9.Be3 Qc7 10.f3 O-O 11.O-O-O a6 12.g4 b5 13.h4 Rd8 14.Qf2 Nd7 15.g5 Nce5
16.Bd3 b4 17.Ne2 Bb7 18.Kb1 d5 19.exd5 Bxd5 20.Ned4 a5 21.Be4 Bxe4 22.fxe4 a4
23.Nc1 Ng4 24.Qe2 Nxe3 25.Qxe3 Ne5 26.Nce2 Rac8 27.Rhg1 Bc5 28.Qf4 a3 29.Qc1 Qb6
30.Qf4 Qc7 31.Nb5 Bxg1 32.Nxc7 Rxd1+ 33.Nc1 Nc4 34.bxa3 Be3  0-1

[Event "European Senior Teams 2012"]
[Site "Rogaska Slatina SLO"]
[Date "2012.04.01"]
[Round "6.17"]
[White "Van Geffen,B"]
[Black "Steedman,J"]
[Result "1-0"]
[WhiteElo "2113"]
[BlackElo "2129"]

1.e4 c5 2.Nf3 Nc6 3.d4 cxd4 4.Nxd4 Nf6 5.Nc3 d6 6.Bg5 e6 7.Qd2 a6 8.O-O-O Bd7
9.f4 Be7 10.Nf3 h6 11.Bh4 b5 12.Bd3 b4 13.Ne2 Qa5 14.Kb1 O-O-O 15.Nc1 Kb7
16.Rhe1 e5 17.Nb3 Qc7 18.f5 g5 19.fxg6 fxg6 20.h3 Be6 21.Qe2 Ra8 22.Bc4 Bxc4
23.Qxc4 g5 24.Bf2 Rhf8 25.Be3 Nd7 26.Qd5 Nf6 27.Qc4 Nd7 28.Nfd2 Nb6 29.Qd3 Rf6
30.Nc4 Nxc4 31.Qxc4 Bd8 32.Qd5 Qe7 33.Nd2 Bc7 34.Nc4 Raf8 35.b3 Qf7 36.Qd3 Qe6
37.Kb2 g4 38.h4 Qf7 39.Bg1 Qe6 40.Ne3 Bb6 41.Nd5 Bxg1 42.Rxg1 Rf2 43.Rd2 Qf7
44.Rgd1 h5 45.Qe3 Nd4 46.Nxb4 a5 47.Nd5 Kc8 48.Qc3+ Kb8 49.Qxa5 Qb7 50.Rxf2 Rxf2
51.Rd2 g3 52.Qc3 Qc8 53.Qb4+ Ka7 54.Qb6+ Ka8 55.Nc7+ Qxc7 56.Qxc7  1-0

[Event "Semana Santa LAB Open"]
[Site "Bogota COL"]
[Date "2012.04.04"]
[Round "2"]
[White "Ruiz C,J"]
[Black "Gallego Alcaraz,A"]
[Result "1-0"]
[WhiteElo "2178"]
[BlackElo "2365"]

1.e4 c5 2.Nf3 Nc6 3.d4 cxd4 4.Nxd4 Nf6 5.Nc3 d6 6.Bg5 e6 7.Qd2 a6 8.O-O-O Bd7
9.f4 h6 10.Bxf6 Qxf6 11.Qe3 Qd8 12.Kb1 Qb6 13.Na4 Qb4 14.Nc3 Qc5 15.g3 Be7
16.Bg2 Na5 17.Rhe1 Nc4 18.Qd3 O-O 19.e5 Rfd8 20.Nb3 Qc8 21.exd6 Nxd6 22.Nd5 exd5
23.Rxe7 Bf5 24.Qe2 Be4 25.Bxe4 dxe4 26.Re5 Qc4 27.Qd2 Nb5 28.Rd5 Re8 29.Qe3 Rac8
30.c3 Qc6 31.Rd7 Qf6 32.Rxb7 Nd6 33.Ra7 Nc4 34.Qe2 e3 35.Rd4 Qg6+ 36.Kc1 Qc6
37.Rad7 a5 38.R7d5 a4 39.Na5 Nxa5 40.Rxa5 Qh1+ 41.Kc2 Qa1 42.Raxa4 Rb8 43.b3 Rbc8
44.Rd3 Re4 45.Qd1 Qxd1+ 46.Kxd1 e2+ 47.Ke1 Re7 48.Rad4 Rc6 49.c4 h5 50.Rd2 Rce6
51.Rd7  1-0

[Event "Pobeskydi GM 2012"]
[Site "Frydek Mistek CZE"]
[Date "2012.04.05"]
[Round "5"]
[White "Szczepkowska Horowska,K"]
[Black "Andreev,Ed UKR"]
[Result "1/2-1/2"]
[WhiteElo "2369"]
[BlackElo "2478"]

1.e4 c5 2.Nf3 d6 3.d4 cxd4 4.Nxd4 Nf6 5.Nc3 Nc6 6.Bg5 e6 7.Bb5 Bd7 8.Bxc6 bxc6
9.Qf3 h6 10.Bh4 e5 11.Nf5 Bxf5 12.Qxf5 Qd7 13.Qf3 Be7 14.O-O-O Rb8  1/2-1/2

[Event "Semana Santa LAB Open"]
[Site "Bogota COL"]
[Date "2012.04.06"]
[Round "6"]
[White "Dominguez,Ramiro"]
[Black "Gallego Alcaraz,A"]
[Result "0-1"]
[WhiteElo "2191"]
[BlackElo "2365"]

1.e4 c5 2.Nf3 Nc6 3.d4 cxd4 4.Nxd4 Nf6 5.Nc3 d6 6.Bg5 e6 7.Qd2 a6 8.f4 Bd7
9.O-O-O h6 10.Bxf6 Qxf6 11.Nxc6 Bxc6 12.Bc4 Be7 13.g4 b5 14.Bd3 g5 15.f5 Qe5
16.fxe6 fxe6 17.Rhf1 Bf6 18.Rde1 O-O 19.Nd1 Rac8 20.Qc3 Qxc3 21.Nxc3 Be5
22.h3 Bg3 23.Rd1 Bf2 24.Kd2 Rf3 25.Ra1 Rcf8 26.a4 bxa4 27.Bxa6 Be3+ 28.Ke2 Rxf1
29.Rxf1 Rxf1 30.Kxf1 Bd4 31.Bc4 Bxc3 32.Bxe6+ Kg7 33.bxc3 Bxe4 34.Ke2 Kf6
35.Bc4 Ke5 36.Kd2 a3 37.Kc1 Bg2  0-1

[Event "Pobeskydi Open 2012"]
[Site "Frydek Mistek CZE"]
[Date "2012.04.06"]
[Round "4"]
[White "Rabatin,J"]
[Black "Klecker,T"]
[Result "1/2-1/2"]
[WhiteElo "2159"]
[BlackElo "2201"]

1.e4 c5 2.Nf3 Nc6 3.d4 cxd4 4.Nxd4 Nf6 5.Nc3 d6 6.Bg5 e6 7.Qd2 a6 8.O-O-O Bd7
9.f3 Rc8 10.Kb1 b5 11.Nxc6 Rxc6 12.Ne2 Be7 13.Be3 h5 14.h4 Rc8 15.Bg5 a5
16.Nd4 Rb8 17.Bd3 b4 18.Rhe1 e5 19.Nf5 Bxf5 20.exf5 Qc7 21.Be4 Rb6 22.Bxf6 Bxf6  1/2-1/2

[Event "Pobeskydi Open 2012"]
[Site "Frydek Mistek CZE"]
[Date "2012.04.07"]
[Round "6"]
[White "Pagerka,M"]
[Black "Klecker,T"]
[Result "0-1"]
[WhiteElo "2215"]
[BlackElo "2201"]

1.e4 c5 2.Nf3 d6 3.d4 cxd4 4.Nxd4 Nf6 5.Nc3 Nc6 6.Bg5 e6 7.Qd2 a6 8.O-O-O Bd7
9.f4 h6 10.Bxf6 Qxf6 11.Nf3 Qd8 12.Bd3 Qa5 13.Kb1 O-O-O 14.Qf2 Kb8 15.Nd2 Qc5
16.Qg3 g6 17.Nb3 Qb6 18.Be2 Qc7 19.Qe3 Be7 20.Rd2 Na5 21.Rhd1 Nc4 22.Bxc4 Qxc4
23.e5 d5 24.Rd4 Qc7 25.a4 b6 26.a5 bxa5 27.Qd3 Kb7 28.Kc1 Qb6 29.Na4 Qb5
30.Nc3 Qxd3 31.R1xd3 Ka7 32.Rf3 Bb4 33.Na2 Rb8 34.c3 Rhc8 35.Rd2 Bxc3 36.Rxc3 Rxc3+
37.Nxc3 Rxb3 38.Ne4 Rb4 39.Nf6 Bb5 40.g3  0-1

[Event "Pobeskydi Open 2012"]
[Site "Frydek Mistek CZE"]
[Date "2012.04.08"]
[Round "7"]
[White "Leks,M"]
[Black "Svoboda,Ma"]
[Result "1-0"]
[WhiteElo "2103"]
[BlackElo "1966"]

1.e4 c5 2.Nf3 Nc6 3.d4 cxd4 4.Nxd4 Nf6 5.Nc3 d6 6.Bg5 e6 7.Qd2 a6 8.O-O-O Bd7
9.f3 h6 10.Be3 b5 11.Nxc6 Bxc6 12.Qf2 b4 13.Ne2 e5 14.g4 a5 15.Ng3 g6 16.Bc5 Qc7
17.Bb6 Qb7 18.h4 a4 19.h5 Rb8 20.Be3 Bb5 21.Bxb5+ Qxb5 22.g5 hxg5 23.hxg6 Rxh1
24.Rxh1 b3 25.a3 bxc2 26.Qxc2 Kd7 27.g7 Bxg7 28.Kb1 g4 29.Rc1 Ke6 30.f4 Nd7
31.Nh5 Bf6 32.f5+ Ke7 33.Nxf6 Kxf6 34.Qd2 Ke7 35.f6+ Ke6 36.Bg5 Nxf6 37.Bxf6 Kxf6
38.Qxd6+ Kg7 39.Qd2 Rb6 40.Rh1 Qe8 41.Rh5 Rf6 42.Qg5+ Rg6 43.Qh4 Qd7 44.Rh7+ Kg8
45.Rh8+ Kg7 46.Rd8 Qxd8 47.Qxd8 g3 48.Qd1 g2 49.Qg1 Rg3 50.b4 Kf8 51.b5 Ke8
52.Ka2 f6 53.b6 Kd7 54.b7 Rb3 55.Qxg2 Rxb7 56.Qg7+  1-0